000 00390nam a22001457a 4500
005 20150216150254.0
008 150216b xxu||||| |||| 00| 0 eng d
040 _cPK-LaUMT
082 _aKHC 320
_bABD-A
100 _aعبدالقادر
245 _aآسان سوکس
_cعبدالقادر
260 _aلاہور
_bپولیمر پبلیکیشنز
_c1990
300 _a399 ص
942 _cBK
999 _c66294
_d66294